| 000 | 00857nam a2200313 a 4500 | ||
|---|---|---|---|
| 003 | AR-BaBNM | ||
| 005 | 20251128203534.0 | ||
| 008 | 082120s2002 ||||||||||||||000 | spa|| | ||
| 040 | _cAR-BaBNM | ||
| 100 | 1 | _aGriéger, Paul | |
| 245 | 0 | 0 |
_aTratado de pedagogía _bpedagogía general. 1 |
| 250 | _a2ª ed. | ||
| 260 |
_aAlcoy _bMarfil _c1968 |
||
| 300 | _a324 p. | ||
| 500 | _aPrefacio por Fr. Niceto José Superior General | ||
| 650 | 4 | _aPEDAGOGIA | |
| 650 | 4 | _aFINALIDADES DE LA EDUCACION | |
| 650 | 4 | _aPSICOLOGIA DEL NIÑO | |
| 650 | 4 | _aDESARROLLO FISICO | |
| 650 | 4 | _aDESARROLLO MENTAL | |
| 650 | 4 | _aINFANCIA | |
| 650 | 4 | _aPRIMERA INFANCIA | |
| 650 | 4 | _aADOLESCENCIA | |
| 650 | 4 | _aDESARROLLO DE LA PERSONALIDAD | |
| 650 | 4 | _aCENTROS DE ESTUDIOS | |
| 700 | 1 |
_aAcarreta Arnedo, Isaías _etraductor |
|
| 942 | _cBK | ||
| 998 | _cCarmen | ||
| 999 |
_c3846 _d3846 |
||